01338nam a2200265 4500952009200000999001900092008004100111020007400152020002600226020004700252050001600299082001600315245008200331260006100413300004000474490010300514504003800617505017500655519012000830650002400950650002200974650003300996700003601029942000701065 00104070a01b01d2018-10-16l0o174.09 E41p01 014439r2018-10-16t1w2018-10-16yLB c103474d103474181016s2010 mx a|||| |||| 00| 0 spa d a9786070213359 (Colección: Estudios. Posgrado en Pedagogía. UNAM) a9786070218279 (UNAM) a9788479789794 (Díaz de Santos España) aBJ1725bE75 a174.09bE41 aÉtica, valores y diversidad socioculturalc/ Ana Hirsch Adler, coordinadora aMéxicobCONACYTbUNAM PosgradobDíaz de Santosc2010 axxiv, 216 páginasb: ilusraciones aColección: Estudios. Posgrado en Pedagogía. UNAM / Directora de la Colección Raquel Glazman  aBibliografía en cada capítulo aÉtica profesional, el proceso formativo en la educación superior y sus prácticas sociales y valores de estudiantes y profesores universitarios Cultura y educación aPlan Flexible /bPeriodismo y Medios Digitales /cÉtica del Periodismo y la Comunicación (P32-2) /d(01 014439)14aÉTICA PROFESIONAL24aVALORES SOCIALES 24aMULTICULTURALISMO zMÉXICO aHirsch Adler, Anaecoordinadora cLB